01006cac a22002651u 4500090000900000008004100009010001600050020001500066082001800081100003400099245010000133250001200233260005300245260004900298300004300347440003900390504006600429650002100495650002300516700002700539700002200566942002500588999001500613952011200628 c8993090113t 1997xxu||||| |||| 00| 0 eng d a 96015750 a013232901800a658.1511bHOR aHorngren, Charles T., 10aCost accounting :a managerial emphasis /cCharles T. Horngren, George Foster, Srikant M. Datar. a9th ed. aUpper Saddle River, NJ :bPrentice Hall,cc1997. bDistributer: Dar Fathy Taha Mohamed Desouky. axxviii, 1012 p. :bcol. ill. ;c29 cm. 0aPrentice Hall series in accounting aIncludes bibliographical references (p. 974-976) and indexes. 0aCost accounting. 0aCosts, Industrial.1 aFoster, George,d1948-1 aDatar, Srikant M. cBBk658.1511HOR2ddc c8993d8993 00102ddc4070aMAINbMAINc1STd2008-04-03ePurchasel0o658.1511 HORp000010988r2025-07-15 00:00:00yBB